Study on potential supply and market conditions
Gespeichert in:
| Format: | Buch |
|---|---|
| Sprache: | Undetermined |
| Veröffentlicht: |
Japan
The Bank of Japan
1989
|
| Schlagworte: | |
| Tags: |
Tag hinzufügen
Keine Tags, Fügen Sie den ersten Tag hinzu!
|
| Thư viện lưu trữ: | Trung tâm Học liệu Trường Đại học Cần Thơ |
|---|
| LEADER | 00392nam a2200145Ia 4500 | ||
|---|---|---|---|
| 001 | CTU_78909 | ||
| 008 | 210402s9999 xx 000 0 und d | ||
| 082 | |a 380.1 | ||
| 082 | |b S933 | ||
| 245 | 0 | |a Study on potential supply and market conditions | |
| 260 | |a Japan | ||
| 260 | |b The Bank of Japan | ||
| 260 | |c 1989 | ||
| 650 | |a Markets | ||
| 980 | |a Trung tâm Học liệu Trường Đại học Cần Thơ | ||